000
00224 a2200097 4500
001
45469
100
_a
Midgly H
245
_a
Microcomputers in geography teaching
260
_a
London
_b
Hutchinson
_c
090
_c
28631
_d
28631
942
_a
NUST-CAE
_c
M
_c
20704
999
_c
280542
_d
280542